期刊信息 |
| 索取号 |
C55/QLX
|
| 题名 |
齐鲁学刊
|
| 作者 |
齐鲁学刊编辑部
|
| 分册号 |
|
| 分册名 |
|
| 出版地 |
山东曲阜
|
| 出版者 |
该刊编辑部
|
| 标准刊号 |
1001-022X
|
| 出版频率 |
双月刊
|
| 中图法分类 |
C
|
| 主题词 |
社会科学 连续出版物; 社会科学 期刊
|
| 电子资源 | |
| |
|
| 000 | 01003nas0 2200361 45 | |
| 001 | 1196020139 | |
| 005 | 20070418144034.06 | |
| 011 | @a1001-022X@dCNY4.20(1996) | |
| 091 | @aCN@b37-1085 | |
| 092 | @aCN@b24-14 | |
| 100 | @a19900830a1980 k y0chiy0110 eb | |
| 101 | 0 | @achi |
| 102 | @aCN@b370000 | |
| 110 | @aagaz 0yy0 | |
| 200 | 1 | @a齐鲁学刊@AQi Lu Xue Kan@f齐鲁学刊编辑部@FQi Lu Xue Kan Bian Ji Bu |
| 207 | 0 | @a1980,no.1(1980,1)~=总33~ |
| 210 | @a山东曲阜@c该刊编辑部@d1980~ | |
| 215 | @d26cm | |
| 326 | @a双月刊 | |
| 430 | 1 | @12001 @a破与立 |
| 530 | 0 | @a齐鲁学刊@AQi Lu Xue Kan |
| 540 | 1 | @a齐鲁 学刊@AQi Lu Xue Kan |
| 541 | 1 | @aActa of Shandong@zeng |
| 606 | 0 | @a社会科学@x连续出版物 |
| 606 | 0 | @a社会科学@x期刊 |
| 610 | 0 | @a社会科学@a山东 |
| 676 | @a300@v19 | |
| 690 | @aC@v3 | |
| 690 | @aC55@v4 | |
| 711 | 02 | @a曲阜师范大学@AQu Fu Shi Fan Da Xue@4主办 |
| 711 | 0 | @a齐鲁学刊编辑部@AQi Lu Xue Kan Bian Ji Bu |
| 801 | 0 | @bPFT@c20070418 |
| 905 | @dC55@eQLX | |
| 齐鲁学刊/齐鲁学刊编辑部.-1980,no.1(1980,1)~=总33~.-山东曲阜:该刊编辑部,1980~ |
| 26cm |
| 继承:.-←识别题名:齐鲁学刊 |
| ISSN 1001-022X:CNY4.20(1996) |
| ● |
| 相关链接: |
|
|
|
|